| 000 | 01031nas a2200349 4500 | ||
|---|---|---|---|
| 001 | BR7800406 | ||
| 003 | BR-BrBNA | ||
| 005 | 20231205083303.0 | ||
| 007 | ta | ||
| 008 | 230509b bl.|||p| |||| 00| 00por d | ||
| 040 |
_aBR-BrBNA _bpor _cBiblioteca Nacional de Agricultura |
||
| 041 | _a(Pt) | ||
| 072 | _aS10 | ||
| 100 | 1 | _aLago, E.S. | |
| 100 | 1 | _aAraujo, T.M.V.C. de | |
| 100 | 1 | _aBion, F.M. | |
| 100 | 1 | _aFreitas, L.P. da C.G. de | |
| 100 | 1 | _aNascimento, J.S. | |
| 100 | 1 | _aVieira, R. | |
| 100 | 1 | _aChaves, N. | |
| 245 | 1 | _aValor biologico de uma massa alimenticia (macarrao)a base de soja-milho-trigo suplementada com lisina | |
| 650 | _aCOMPOSICAO DE ALIMENTO | ||
| 650 | _aVALOR NUTRITIVO | ||
| 650 | _aMACARRAO | ||
| 650 | _aSOJA | ||
| 650 | _aMILHO | ||
| 650 | _aTRIGO | ||
| 650 | _aLISINA | ||
| 773 | 0 |
_tRevista Brasileira de Pesquisas Medicas e Biologicas (Brazil) _xISSN 0034-7310 _g(Jan 1977), v. 10(1) p. 15-19 _wBR7800406 |
|
| 909 |
_a202311 _bLúcia _c55 _dLúcia Elande |
||
| 942 |
_2AGRIS _n0 _cANA |
||
| 999 |
_c97734 _d97734 |
||